000 01019cam a2200301 a 4500
999 _c8005
_d8005
001 2539979
003 OSt
005 20220926161448.0
008 940113s1994 mdua b 001 0 eng c
010 _a 94002791
020 _a0683077163
040 _aDNLM/DLC
_cDLC
_dDLC
050 0 0 _aRD536
_b.G45 1994
060 0 0 _aWF 980 G326 1994
082 0 0 _aWF980 G286 1994
_220
100 _aEdited by Thomas w. Shields;
_916249
245 0 0 _aGeneral thoracic surgery /
_cedited by Thomas W. Shields.
250 _a4th ed.
260 _aBaltimore :
_bWilliams & Wilkins,
_c1994.
300 _a2 v. (xx, 1816, 42 p.) :
_bill. ;
_c29 cm.
504 _aIncludes bibliographical references and indexes.
650 0 _aChest
_xSurgery.
_916250
650 2 _aThoracic Surgery.
_916251
700 1 _aShields, Thomas W.,
_d1922-
_916252
906 _a7
_bcbc
_corignew
_d1
_eocip
_f19
_gy-gencatlg
942 _2z
_cO_SHELF